Измерения оптического излучения в электронике

Chi tiết về thư mục
Tác giả chính: Эпштейн М. И. Максим Иосифович
Ngôn ngữ:Tiếng Nga
Được phát hành: Москва, Энергоатомиздат, 1990
Phiên bản:2-е изд., перераб. и доп.
Những chủ đề:
Định dạng: Sách
KOHA link:https://koha.lib.tpu.ru/cgi-bin/koha/opac-detail.pl?biblionumber=49250

MARC

LEADER 00000nam0a2200000 4500
001 49250
005 20231101211208.0
010 |a 528300550X 
035 |a (RuTPU)RU\TPU\book\51572 
090 |a 49250 
100 |a 20030330d1990 km y0rusy50 ca 
101 0 |a rus 
102 |a RU 
105 |a a z 001zy 
200 1 |a Измерения оптического излучения в электронике  |f М. И. Эпштейн 
205 |a 2-е изд., перераб. и доп. 
210 |a Москва  |c Энергоатомиздат  |d 1990 
215 |a 252 с.  |c ил. 
320 |a Библиогр.: с. 246-250. 
451 1 |0 (RuTPU)RU\TPU\book\59129  |t Измерения оптического излучения в электронике  |f М. И. Эпштейн  |c Москва  |n Энергия  |d 1975  |p 247 с.  |a Эпштейн, Максим Иосифович 
606 1 |a Оптико-электронные приборы  |x Параметры  |x Измерение  |2 stltpush  |3 (RuTPU)RU\TPU\subj\47183  |9 66243 
610 1 |a фотометрия 
610 1 |a оптика 
610 1 |a электронные приборы 
610 1 |a характеристики 
610 1 |a оптическое излучение 
675 |a 621.383.08  |v 3 
700 1 |a Эпштейн  |b М. И.  |g Максим Иосифович 
801 1 |a RU  |b 63413507  |c 20030330  |g PSBO 
801 2 |a RU  |b 63413507  |c 20201029  |g PSBO 
900 |a Метрология и оптические измерения 
900 |a Оптические и световые измерения 
900 |a Фотометрия, колориметрия 
900 |a Теория и методы оптических измерений 
900 |a Приборы и методы световых измерений 
942 |c BK